000
00300nam a2200121Ia 4500
008
190216s9999||||xx |||||||||||||| ||und||
100
_a
Mamtha Kaliya
245
0
_a
Hindi-Nayi Shadi Ke Prahjan Sresht Mahila Kathakar
260
_b
Navalok Prakashan
300
_a
143
650
_a
Hindi
942
_c
BK
999
_c
16164
_d
16164